000 00542nam a2200229Ia 4500
003 IT-RoPAU
008 120407s9999 xx 000 0 und d
040 _aIT-RoPAU
040 _cIT-RoPAU
041 _aita
100 _aIgnace de La Potterie
245 _aIl Mistero del cuore trafitto. Fondamenti biblici della spiritualità del Cuore di Gesù.
250 _aBologna
260 _aEDB
260 _c1988
300 _a183 p.
300 _c21,5 cm
490 _aStudi biblici
490 _v115
942 _cBK
999 _c27576
_d27576